000 00550nam a2200229Ia 4500
003 OSt
005 20220924144632.0
006 a|||||r|||| 00| 0
007 ta
008 220923b |||||||| |||| 00| 0 urd d
024 _a316533
037 _cTextual
040 _aARTS
_cARTS
_burd
041 _2urd
_aurd
082 _aO168,2MJ0,5, E5
100 _aJohar M.S.
245 0 _aLail-o-Nahar
260 _c1915
650 _aURDU DRAMA
942 _hO168,2MJ0,5, E5
_cTEXL
_2CC
999 _c457711
_d457711